000 00420nam a2200169Ia 4500
008 230524s9999 xx 000 0 und d
020 _a9788183711807
082 _a658.45
_bTRI
100 _aSushanta Tripathy
245 0 _aProduction and Operations Management
250 _aIST
260 _aNEW DELHI
_bScitech
_c2008
300 _aXI.14.9
500 _aQuantity Number: 5
650 _aManagement
942 _cBK
999 _c41185
_d41185